Capitali più vicine al Tropico del Cancro - Statistics

Statistiche generali
  • Questo quiz è stato fatto 13 volte
  • Il punteggio medio è 8 su 15
Statistiche sulle risposte
Latitudine Continente Capitale % Corretto
19.43 N America del Nord Città del Messico
82%
25.28 N Asia Doha
64%
23.13 N America del Nord L'Avana
64%
24.63 N Asia Riad
64%
24.47 N Asia Abu Dhabi
55%
21.03 N Asia Hanoi
55%
23.60 N Asia Mascate
55%
25.07 N America del Nord Nassau
55%
27.70 N Asia Kathmandu
45%
26.22 N Asia Manama
45%
18.47 N America del Nord Santo Domingo
45%
23.73 N Asia Dacca
36%
18.53 N America del Nord Port-au-Prince
36%
27.47 N Asia Thimphu
36%
19.75 N Asia Naypyidaw
27%
Nessun quiz corrispondente trovato
Distribuzione punteggi
Percentuale di utenti per punteggio
Percentile per numero di risposta
I tuoi punteggi nel tempo
Non hai fatto questo quiz